Representations of algebras and related topics /
Guardado en:
| Autor Corporativo: | |
|---|---|
| Otros Autores: | , |
| Formato: | Libro |
| Idioma: | English |
| Publicado: |
Zürich, Switzerland :
European Mathematical Society,
c2011.
|
| Series: | EMS congress reports.
|
| Etiquetas: |
Agregar Etiqueta
Sin Etiquetas, Sea el primero en etiquetar este registro!
|
| LEADER | 02182nam a22002535a 4500 | ||
|---|---|---|---|
| 001 | MAT.inmabb006733 | ||
| 008 | 120904s2011####sz#a#####b####100#0#eng#d | ||
| 005 | 20150929173112.0 | ||
| 245 | 1 | 0 | |a Representations of algebras and related topics / |c Andrzej Skowronski, Kunio Yamagata, editors. |
| 260 | |a Zürich, Switzerland : |b European Mathematical Society, |c c2011. | ||
| 300 | |a xii, 728 p. : |b il. ; |c 25 cm. | ||
| 490 | 1 | |a EMS series of congress reports | |
| 500 | |a "The Fourteenth International Conference on Representations of Algebras and Workshop (ICRA XIV) was held ... in Tokyo, Japan, from 6 to 15 August, 2010"--Preface. | ||
| 504 | |a Incluye referencias bibliográficas. | ||
| 505 | 0 | |a Claire Amiot, On generalized cluster categories -- David J. Benson [David John Benson], Srikanth B. Iyengar and Henning Krause, Module categories for finite group algebras -- Bernhard Keller, On cluster theory and quantum dilogarithm identities -- Bernard Leclerc, Quantum loop algebras, quiver varieties, and cluster algebras -- Helmut Lenzing, Weighted projective lines and applications -- Markus Linckelmann, Cohomology of block algebras of finite groups -- Piotr Malicki and Andrzej Skowronski, Algebras with separating Auslander-Reiten components -- Izuru Mori, Classification problems in noncommutative algebraic geometry and representation theory -- Tomoki Nakanishi, Periodicities in cluster algebras and dilogarithm identities -- José Antonio de la Peña and Andrzej Skowronski, The Tits forms of tame algebras and their roots -- Claus Michael Ringel, The minimal representation-infinite algebras which are special biserial -- Daniel Simson, Coalgebras of tame comodule type, comodule categories, and a tame-wild dichotomy problem -- Grzegorz Zwara, Singularities of orbit closures in module varieties. | |
| 510 | 4 | |a MR, |c MR2920156 | |
| 020 | |a 9783037191019 | ||
| 111 | 2 | |a International Conference on Representations of Algebras |n (14th : |d 2010 : |c Tokyo, Japan) | |
| 700 | 1 | |a Skowronski, Andrzej. |4 edt | |
| 700 | 1 | |a Yamagata, Kunio. |4 edt | |
| 830 | 0 | |a EMS congress reports. | |
| 084 | |a 16-06 (00B25) |2 msc2000 | ||
| 010 | |a 2012471791 | ||
| 859 | |h 16 |i ICRA-14 |p A-8792 |b BIB. MATEMATICA | ||
